Political science for UGC-NET / SLET: Objective type questions (Record no. 395042)

MARC details
000 -LEADER
fixed length control field 00550 a2200193 4500
005 - DATE & TIME
control field 20260214105701.0
008 - FIXED-LENGTH DATA ELEMENTS--GENERAL INFORMATION
fixed length control field 260212b |||||||| |||| 00| 0 eng d
020 ## - ISBN
International Standard Book Number 9788126915408
Price Rs. 550.00
040 ## - CATALOGING SOURCE
Original cataloging agency VIVEKANANDA LIBRARY
082 ## - DDC NUMBER
Classification number 320
Book Number A63P
100 ## - MAIN ENTRY--PERSONAL NAME
Personal name Atlantic Research Division
110 ## - MAIN ENTRY--CORPORATE NAME
Corporate name
245 ## - TITLE STATEMENT
Title Political science for UGC-NET / SLET: Objective type questions
260 ## - PUBLICATION, DISTRIBUTION, ETC. (IMPRINT)
Name of publisher, distributor, etc Atlantic Publishers
Date of publication, distribution, etc 2025
Place of publication, distribution, etc New Delhi
300 ## - PHYSICAL DESCRIPTION
Pages vi, 618
650 ## - Subject
Subject Political Science
650 ## - Subject
Subject UGC- NET/ SLET- Political Science
942 ## - ADDED ENTRY ELEMENTS (KOHA)
Koha item type Books
Holdings
Withdrawn status Lost status Source of classification or shelving scheme Damaged status Not for loan Location (home branch) Sublocation or collection (holding branch) Shelving location Date acquired Koha issues (times borrowed) Koha full call number Accession No. Koha date last seen Copy number Koha item type
    Dewey Decimal Classification     VIVEKANANDA LIBRARY VIVEKANANDA LIBRARY Vivekananda Library 22/01/2026   320 A63P 444411 22/01/2026 R Books
© Designed and Maintained by Vivekananda Library, MDU Rohtak